Dona Casmurra e seu tigrão (Record no. 146232)

MARC details
000 -LÍDER
campo de controle de tamanho fixo 00295 a2200121 4500
001 - NÚMERO DE CONTROLE
campo de controle 146232
040 ## - FONTE DA CATALOGAÇÃO
Instituição que transcreveu o registro Escola São Tomás de Aquino
100 ## - ENTRADA PRINCIPAL--NOME PESSOAL
Nome pessoal JAF, Ivan
240 10 - TÍTULO UNIFORME
Título uniforme Dona Casmurra e seu tigrão
Idioma da obra por
245 10 - TÍTULO
Título Dona Casmurra e seu tigrão
697 ## - ENTRADA DE ASSUNTO LOCAL--ENTIDADE COLETIVA (RLIN)
Nome corporativo ou nome da jurisdição *LITERATURA JUVENIL
942 ## - ELEMENTOS DE ENTRADA ADICIONADOS (KOHA)
Tipo de material Koha Livros
Holdings
Situação do descarte Situação das perdas Situação física Não pode ser emprestado Biblioteca de origem Biblioteca atual Data de aquisição Total de empréstimos Número de chamada completo Código de barras Data de último acesso Data do preço efetivo Tipo de material Koha Fonte da classificação ou esquema de arquivamento na estante Nota pública
        ESTA - SÃO BENTO ESTA - SÃO BENTO 30/04/2024   028.54 JAF DON EST00000071 30/04/2024 30/04/2024 Livros    
        Novo Tempo - Aureliano São José Novo Tempo - Aureliano São José 15/07/2024     fm354 15/07/2024 15/07/2024 Livros Classificação Decimal de Dewey FD2/EM
        Novo Tempo - Aureliano São José Novo Tempo - Aureliano São José 16/07/2024     fm431 16/07/2024 16/07/2024 Livros Classificação Decimal de Dewey FD2/EM